[Event "Int. Tourn. Charleroi 2005"]
[Site "Charleroi, Belgium"]
[Date "2005.08.06"]
[Round "9"]
[White "Akhayan R"]
[Black "Brunner N"]
[Result "1/2-1/2"]
[WhiteElo "2202"]
[BlackElo "2386"]
[PlyCount "45"]

1. e4 c5 2. Nf3 d6 3. Nc3 Nf6 4. d4 cxd4 5. Qxd4
Nc6 6. Bb5 Bd7 7. Bxc6 Bxc6 8. Bg5 e6 9. O-O-O Be7 10. Rhe1 O-O 11. e5 dxe5 12.
Qh4 Qc7 13. Nxe5 h6 14. Bxh6 gxh6 15. Qxh6 Ne4 16. Nxe4 Qxe5 17. Rd3 Bxe4 18.
Rg3+ Qxg3 19. hxg3 Bg6 20. Rxe6 Rfe8 21. Rxg6+ fxg6 22. Qxg6+ Kh8 23. Qh6+
1/2-1/2

[Event "Int. Tourn. Charleroi 2005"]
[Site "Charleroi, Belgium"]
[Date "2005.08.06"]
[Round "9"]
[White "Cools G"]
[Black "Meessen R"]
[Result "1-0"]
[WhiteElo "2362"]
[BlackElo "2314"]
[PlyCount "57"]

1. e4 e6 2. d3 d5 3. Nd2 c5 4. g3 Bd6 5. Bg2 Ne7
{(=)} 6. Ngf3 Nbc6 7. O-O f6 8. Re1 d4 9. c3 e5 10. a3 Be6 11. Nc4 Bc7 12. cxd4
cxd4 13. Nh4 g5 14. Nf5 Nxf5 15. exf5 Bxf5 16. Qb3 Rb8 17. Nd2 Ba5 18. Qa2 Bxd3
19. b4 Bc7 20. Ne4 Bxe4 21. Bxe4 Kf8 22. h4 h6 23. b5 Ne7 24. Bd2 Kg7 25. Bb4
Bd6 26. Qe6 Ng8 27. Rec1 Bxb4 28. axb4 Qe8 29. Rc7+ 1-0

[Event "Int. Tourn. Charleroi 2005"]
[Site "Charleroi, Belgium"]
[Date "2005.08.06"]
[Round "9"]
[White "Cappon J"]
[Black "Kengis E"]
[Result "1/2-1/2"]
[WhiteElo "2216"]
[BlackElo "2534"]
[PlyCount "53"]

1. e4 c5 2. Nf3 e6 3. c3 Nf6 4. Bd3 d5 5. e5
Nfd7 6. Bc2 d4 7. O-O Nc6 8. Qe2 g6 9. Ba4 Bg7 10. Na3 O-O 11. Nc4 d3 12. Qe4
Ndb8 13. b4 cxb4 14. cxb4 Qd5 15. Qh4 b5 16. Ne3 Qd8 17. Qxd8 Rxd8 18. Bxb5
Nxe5 19. Nxe5 Bxe5 20. Rb1 Ba6 21. Bxa6 Nxa6 22. a3 Rac8 23. Bb2 Bxb2 24. Rxb2
Nc7 25. a4 Nd5 26. Rfb1 Nxe3 27. fxe3 1/2-1/2